Welches Land passt nicht? #3 - Statistiken

Allgemein
  • Dieses Quiz wurde 122 mal gespielt
  • Das Durchschnittsergebnis liegt bei 8 aus 15
Antwortstatistiken
Frage Antwort % Korrekt
Länder, die von Europa und Asien geteilt werden Syrien
92%
Länder, die am Roten Meer liegen Oman
74%
Länder, deren Hauptstadt mit B beginnt Kambodscha
73%
Länder, die größer sind als Brasilien Australien
71%
Enklaven-Länder Gambia
70%
Länder, die südlicher als Südafrika liegen Fidschi
57%
Nachbarländer der Türkei Libanon
53%
Afrikanische Binnenstaaten, die größer als 1.000.000km² sind Zentralafrikanische Republik
48%
Europäische Länder deren Fläche zu mehr als 50% bewaldet ist Bulgarien
46%
Länder mit über 50 UNESCO-Welterbestätten Vereinigte Staaten
46%
Länder, deren Hauptstadt nicht die größte Stadt ist Nordkorea
38%
Nicht-NATO-Länder Europas Nordmazedonien
36%
Inselstaaten die größer als 100.000km² sind Sri Lanka
34%
Karpatenländer Moldawien
23%
Länder am Victoriasee Ruanda
23%
Keine übereinstimmenden Quizze gefunden
Verteilung der Resultate
Anzahl Personen mit jedem Resultat
Perzentil nach korrekt beantworteten Fragen
Ihre Resultats-Entwicklung
Sie haben dieses Quiz noch nicht gespielt